01190cam a2200313 a 4500999001700000001000900017003000400026005001700030008004100047010001700088020001500105035002200120040001300142042000800155050002200163100002800185245016400213246001900377260004700396300004400443500006200487600004600549700002300595700002100618710002800639906004500667942004100712952012300753 c27235d2723513359465OSt20170207161930.0031001s2003 nyua bc 001 0deng  a 2003113591 a0945936613 a(DLC) 2003113591 aDLCcDLC apcc00aND237.R138A4 20031 aRaphael, Joseph,d2003-10aJoseph Raphael (1869-1950) :ban artistic journey : November 18, 2003-January 3, 2004 /cessay by William H. Gerdts ; catalogue introduction by Phyllis Hattis.14aJoseph Raphael aNew York, NY :bSpanierman Gallery,c2003. a132 p. :bill. (chiefly col.) ;c33 cm. aIncludes bibliographical references (p. 39-43) and index.10aRaphael, Joseph,d1869-1950vExhibitions.1 aGerdts, William H.1 aHattis, Phyllis.2 aIra Spanierman Gallery. a7bcbccorignewd2eepcnf20gy-gencatlg 2lcccBOOKShND237.R138A4 2003k34739 00102lcc4070aMUCbMUCcTECHd2017-02-07eDonation(BFA)l0oND237.R138A4 2003p34739r2017-02-07w2017-02-07yBOOKS